000 00578nam a2200205 a 4500
001 536
003 CO-ViMGA
008 141112s2004 ck r 000 u spa d
040 _aCO-ViMGA
_bspa
_cCO-ViMGA
082 _aBOJc
100 1 _aBojunga, Lygia
_910301
245 1 0 _aLa casa de la madrina
260 _aBogotá :
_bNorma,
_c1997
300 _a208 p : il
490 _aTorre de papel azul
500 _aA partir de 9 años.
590 _aForma de adquisición : compra proyecto 2005 1ej. - - Precio : 16.110
650 1 4 _aCUENTOS BRASILEÑOS
_97665
942 _2ddc
_cBK
999 _c11185
_d11185